| 000 | 01883cam a2200325 a 4500 | ||
|---|---|---|---|
| 999 |
_c331083 _d331083 |
||
| 001 | 17183922 | ||
| 003 | NUST | ||
| 005 | 20170911120653.0 | ||
| 008 | 120227r20121996nyu 000 1 eng | ||
| 010 | _a 2012005209 | ||
| 020 | _a9780425260906 (pbk.) | ||
| 040 |
_aDLC _cDLC |
||
| 042 | _apcc | ||
| 043 | _an-us-ca | ||
| 050 | 0 | 0 |
_aPS3568.O243 _bD37 2012 |
| 082 | 0 | 0 |
_a813.54 _bROB |
| 084 |
_aFIC027000 _2bisacsh |
||
| 100 | 1 |
_aRoberts, Nora. _94521 |
|
| 245 | 1 | 0 |
_aDaring to dream / _cNora Roberts. |
| 260 |
_aNew York : _bJove Books, _c2012. |
||
| 300 |
_a389 p. ; _c21 cm. |
||
| 490 | 0 | _aDream trilogy | |
| 520 |
_a"Margo, Kate and Laura were brought up like sisters amidst the peerless grandeur of Templeton House. But it was Margo whose dreams first took her far away . . . Margo Sullivan had everything a young woman could ask for. But while growing up along the rocky cliffs of Monterey, she couldn't help but dream of bigger things. The daughter of the Templetons' stern Irish housekeeper, Margo had been treated like a member of the family. Deep down, she knew that money could not buy the thing she craved most--her mother's acceptance. Maybe things would be different if she could be sweet like Laura, or had Kate's shrewd head for business. But all Margo knew how to do was be Margo, and that meant doing things her own way--no matter what the consequences . . "-- _cProvided by publisher. |
||
| 650 | 0 |
_aFriendship _vFiction. _94522 |
|
| 650 | 7 |
_aFICTION / Romance / General. _2bisacsh _94523 |
|
| 651 | 0 |
_aMonterey (Calif.) _vFiction. _94524 |
|
| 655 | 0 |
_aDomestic fiction. _94525 |
|
| 655 | 7 |
_aLove stories. _2gsafd _9418 |
|
| 906 |
_a7 _bcbc _corignew _d1 _eecip _f20 _gy-gencatlg |
||
| 942 |
_2ddc _cBK |
||